000 00567nam a2200205Ia 4500
005 20260429112021.0
008 260429s9999||||xx |||||||||||||| ||und||
020 _a9781032428536
041 _aEnglish
082 _a658.81
_bWAR
100 _aWarren, Clifton
245 0 _aSelling services :
_bthe ABC of professional selling /
_cClifton Warren
250 _a1st ed.
260 _aNew York :
_bRoutledge,
_c2024.
300 _aix, 164 p.; pbk
650 _a Professional selling
650 _a Sales management
650 _aService marketing
942 _cTB
999 _c51912
_d51912